| 000 | 00559nam a22002057a 4500 | ||
|---|---|---|---|
| 999 |
_c7924 _d7924 |
||
| 003 | OSt | ||
| 005 | 20260219020003.0 | ||
| 008 | 220802b ||||| |||| 00| 0 eng d | ||
| 020 | _a9789913628365 | ||
| 040 | _cNMS | ||
| 082 | _aWQ100 C68m 2022 | ||
| 100 |
_aMugenyi, Godfrey; Sanchez, A.C.E. _916104 |
||
| 245 | _aClinical Obstetric care: handbook | ||
| 250 | _a1st ed. | ||
| 260 | _aKampala; Fountain publishers, 2022 | ||
| 300 | _axvii,209p: Col.ill: 21cm | ||
| 504 | _aIndex included | ||
| 650 |
_aClinical obstetrics _916105 |
||
| 942 |
_2z _cB_BANK _01 |
||